000 00347nam a22001457a 4500
003 SGT
020 _a9789388437264
082 _a808.06634
_bMYN
100 _aMYNENI ,S R
245 _aLEGAL LANGUAGE AND LEGAL WRITING
_bENGLISH FOR LAW
250 _a2
260 _aHYDERABAD
_bASIA LAW HOUSE
_c2019
300 _aXXXII ,574
942 _2ddc
_cBK
_011
999 _c19752
_d19752